Destinos del Aeropuerto Int. Abraham González (Ciudad Juarez) - Estadísticas

Estadísticas generales
  • Esta prueba ha sido intentada 4 veces
    2 desde el último reinicio
  • La puntuación promedio es 9 de 12
Estadísticas de respuestas
Aerolíneas Destino % Correcto
Viva Cancún
100%
Aeroméxico
Viva
Volaris
Ciudad de México (MEX)
100%
Viva Ciudad de México (NLU)
100%
Viva
Volaris
Guadalajara
100%
TAR México Hermosillo
100%
Viva Mazatlán
100%
Viva Volaris Monterrey
100%
Volaris Tijuana
100%
TAR México Querétaro
50%
TAR México Torreón
50%
Viva León/El Bajío
0%
Viva Puerto Vallarta
0%
No se encontraron pruebas coincidentes
Distribución de puntuación
Porcentaje de gente con cada puntuación
Porcentaje por número respondido
Historial de tus puntuaciones
No has intentado esta prueba desde el último reinicio